Quizzes
Events
Quiz Creation
Community
Videos
Private Events
Remove Ads
Sign In
Join for FREE
Feedback
Dark Mode
Quiz Categories
Sports
Geography
Music
Movies
Television
Just For Fun
Miscellaneous
History
Literature
Language
Science
Gaming
Entertainment
Religion
Holiday
For Kids
Quiz Lab
Recent
Popular Today
Quiz Kudos Today
Editor Picks
Curator Picks
Quizzes by...
Day
Popularity
Type
Ratings
Length
Year
Community
Subscriptions
Recent Discussions
Orange Saloon
Badges
Playlists
Quests
Create
Leaderboards
Showdown
Live 5
Trivia Bingo
Activity
Puzzle Library
Sporcle Events
Private Events
Virtual Trivia
Globe League
Become a Host
Pub Owners
SporcleCon
Opinionation
Our Games
Videos
Blog
Mobile Apps
Partnerships
Remove Ads and Go Orange
Feedback
Gaming
Video Games
Board Games
Card Games
Pokémon
Mario
Nintendo
Minecraft
Console
Toys
Legend of Zelda
Gaming
Video Games
Board Games
Card Games
Pokémon
Mario
Nintendo
Minecraft
Console
Toys
Legend of Zelda
Random Quiz
Search Sporcle
×
Quiz Lab
Quiz Lab
Gaming
mass
Type in answers that appear in a list
Type in answers that appear in a list
Classic
Best Score? Go Orange.
Mass Effect 2 Powers Stats
Can you name the Mass Effect 2 Powers by the squadmate(s) that can use them?
By
pokefreak123
7m
32 Questions
141 Plays
141 Plays
141 Plays
Comments
Comments
Give Quiz Kudos
Give Quiz Kudos
-
- Ratings
hide this ad
More Info
Replay
Link that replays current quiz
Next Quiz
Link to next quiz in quiz playlist
You Got
0%
They Got
Avg Score
72%
Avg Friend Score
Upgrade to see
Score Distribution
Jump to the score distribution portion of the page
Score
0/32
Timer
07:00
0
Plays Today
Type
Power
% Correct
Biotic
Warp
91.5%
Biotic
Pull
90.8%
Tech
Overload
87.9%
Biotic
Throw
86.5%
Ammo
Incendiary Ammo
85.1%
Tech
Combat Drone
85.1%
Ammo
Warp Ammo
84.4%
Combat
Concussive Shot
83.7%
Biotic
Shockwave
83.7%
Ammo
Cryo Ammo
82.3%
Biotic
Singularity
82.3%
Biotic
Charge
77.3%
Ammo
Armour-Piercing Ammo
76.6%
Tech
AI Hacking
75.9%
Biotic
Reave
75.2%
Tech
Incinerate
74.5%
Type
Power
% Correct
Tech
Tactical Cloak
74.5%
Biotic
Slam
70.9%
Biotic
Barrier
70.2%
Ammo
Disruptor Ammo
68.1%
Combat
Adrenaline Rush
66%
Tech
Tech Armour
63.8%
Combat
Fortification
62.4%
Combat
Inferno Grenade
62.4%
Tech
Cryo Blast
61%
Ammo
Shredder Ammo
60.3%
Biotic
Stasis
58.2%
Biotic
Dominate
56%
Tech
Energy Drain
55.3%
Combat
Flashbang Grenade
53.9%
Tech
Geth Shield Boost
53.2%
Tech
Neural Shock
53.2%
Quiz Playlist
Details
Report
Send in Message
Add To Playlist
More Info:
The 'Combat' type refers to powers that aren't biotic or tech powers, but are still active abilities unlike passive and ammo powers
Classic:
Type in answers that appear in a list
Last Updated: Mar 28, 2017
Quiz Scoreboard
CHALLENGE
Sign Up to Join the Scoreboard
Show All
Scores
Hide
Comments
May contain spoilers
Recently Published
1-10 Letter E Words III
by El_Dandy
Language
2m
One Thing in Common: World Cities II
by knightlancer
Geography
7m
Popular People in 1961
by mucciniale
History
6m
More to Explore
Quiz From the Vault
Featured Blog Post
Where Did the Easter Bunny Come From?
hide this ad
You Might Also Like...
Tags
effect
mass
Mass Effect
Power
Squamate
Today's Top Quizzes in Gaming
Browse Gaming
hide this ad
Today's Top Quizzes in mass
Browse mass
Top Contributed Quizzes in Gaming
1
Destiny 2 exotic weapons by perk icons
2
Who's on the WWE 2K24 Cover?
3
Windmill: Pokémon
4
Genshin Impact Logic Puzzle
5
Overwatch 2: Ultimate Ability Icons
6
Overwatch 2 Heroes by Selection Quote
7
Genshin murder mystery
8
Legendary or Exotic?
9
Overwatch Logic Puzzle
10
Genshin Impact Logic Puzzle Quiz II
Explore More
Trending Topics
Anime
Disney
Marvel
Kpop
NBA
Crossword
Harry Potter
Song
WWE
The Office
NFL
Puzzle
Pokémon
Soccer
Country
hide this ad
More By:
pokefreak123
Quiz
Plays
Rating
Category
Featured
Created
Gen 1 Pokémon Crossword
3,952
4.76
Gaming
Aug 29, 2019
All Bug Type Pokemon (As of Scarlet/Violet)
3,915
4.92
Gaming
Apr 27, 2015
All Dark Type Pokemon (As of Scarlet/Violet)
3,630
4.88
Gaming
Aug 7, 2016
All Dragon Type Pokemon (As of The Indigo Disk DLC)
3,529
4.90
Gaming
Aug 9, 2016
All Electric Type Pokemon (As of The Indigo Disk DLC)
3,476
4.80
Gaming
Aug 3, 2016
Go to Creator's Profile
Score Distribution
Quiz Creator Spotlight
pokefreak123
Follow
Send a Message
Quizzes Created
-
Created Quiz Play Count
-
More By This Creator
Popular Quizzes Today
1
Find the US States - No Outlines Minefield
2
The Countries of the World
3
Popular People in 1961
4
Find the Countries of Europe - No Outlines Minefield
5
1-10 Letter E Words III
6
Find the US States
7
One Thing in Common: World Cities II
8
US States
More Gaming Quizzes
Xenoblade Chronicles 3 Characters
Quiz Lab
Trending Quizzes
1-10 Letter F Words
1-10 Letter G Words
Risky Map Clicking: Next State Alphabetically
1-10 Letter F Words II
Risky Map Clicking: States by Unique Starting Letters
Recently Updated
Leaping Animals
pecheneg
Reality TV Shows (A-Z)
bhenderson79
Rickey Henderson's Hall of Fame Teammates
pecheneg
Champions League XIs: Arsenal
pecheneg
Quick Pick: Celebrities in WWE's Hall of Fame
aduchscher
A-Z Keypad Blitz II
pecheneg
Multiple Oscar Actors
pecheneg
Mystery Phrase Blitz: Oscar 'Best Actors'
pecheneg
F. Scott Fitzgerald Novels
LTH
Pick 3 Villains
ddd62291
Trending Topics
NBA
Marvel
Harry Potter
Kpop
Crossword
Anime
Disney
Puzzle
Pokémon
NFL
Country
WWE
The Office
Soccer
Song
Your Account Isn't Verified!
In order to create a playlist on Sporcle, you need to verify the email address you used during registration. Go to your
Sporcle Settings
to finish the process.
Report this User
Report this user for behavior that violates our
Community Guidelines
.
Details:
Send Report
Go to the Sporcle.com Mobile Site →
Comments